[Event "Rethymno op 6th"]
[Site "Rethymno"]
[Date "2014.07.13"]
[Round "3"]
[White "Kang, Chuanqi"]
[Black "Ballas, Athanasios Panag"]
[Result "1-0"]
[WhiteElo "2327"]
[BlackElo "1884"]
[PlyCount "47"]
[EventDate "2014.07.12"]
[EventType "swiss"]
[EventRounds "9"]
[EventCountry "GRE"]
[SourceTitle "CBM 161 Extra"]
[Source "ChessBase"]
[SourceDate "2014.08.29"]
[SourceVersion "1"]
[SourceVersionDate "2014.08.29"]
[SourceQuality "1"]

1. e4 c5 2. Nf3 e6 3. c3 Nf6 4. Qe2 d5 5. e5 Nfd7 6. g3 Nc6 7. Bg2 Qc7 8. d4 cxd4 9. 0-0 dxc3 10. Nxc3 a6 11. Bf4 Nb6 12. Rac1 Be7 13. h4 0-0 14. Rfd1 Rd8 15. Nh2 d4 16. Ng4 dxc3 17. Nf6+ Kf8 18. Qe4 Rxd1+ 19. Rxd1 Bxf6 20. exf6 e5 21. Bh6 Kg8 22. Bxg7 Nd4 23. Rxd4 c2 24. Qxc2 1-0

[Event "Rethymno op 6th"]
[Site "Rethymno"]
[Date "2014.07.12"]
[Round "1"]
[White "Gupta, Abhijeet"]
[Black "Ballas, Athanasios Panag"]
[Result "1-0"]
[WhiteElo "2634"]
[BlackElo "1884"]
[PlyCount "59"]
[EventDate "2014.07.12"]
[EventType "swiss"]
[EventRounds "9"]
[EventCountry "GRE"]
[SourceTitle "CBM 161 Extra"]
[Source "ChessBase"]
[SourceDate "2014.08.29"]
[SourceVersion "1"]
[SourceVersionDate "2014.08.29"]
[SourceQuality "1"]

1. Nf3 Nf6 2. c4 g6 3. Nc3 d5 4. cxd5 Nxd5 5. e4 Nxc3 6. bxc3 Bg7 7. Be2 c5 8. 0-0 0-0 9. d4 Nc6 10. Be3 Qc7 11. d5 Rd8 12. Rc1 b6 13. Qd2 Bg4 14. Bf4 e5 15. Bg3 Bxf3 16. gxf3 Ne7 17. Rcd1 Nc8 18. Qc2 Qe7 19. f4 g5 20. fxg5 Qxg5 21. f4 Qe7 22. fxe5 Bxe5 23. Bxe5 Qxe5 24. Rf5 Qg7+ 25. Kf2 Ne7 26. Rg1 Ng6 27. h4 h5 28. Bxh5 Kh7 29. e5 Rxd5 30. Bxg6+ 1-0

[Event "GRE-chT 42nd"]
[Site "Porto Rio"]
[Date "2014.07.02"]
[Round "6.9"]
[White "Ballas, Athanasios Panag"]
[Black "Ioannidis, Evgenios"]
[Result "0-1"]
[WhiteElo "1884"]
[BlackElo "2059"]
[PlyCount "64"]
[EventDate "2014.06.28"]
[EventType "team-swiss"]
[EventRounds "7"]
[EventCountry "GRE"]
[SourceTitle "CBM 161 Extra"]
[Source "ChessBase"]
[SourceDate "2014.08.29"]
[SourceVersion "1"]
[SourceVersionDate "2014.08.29"]
[SourceQuality "1"]
[WhiteTeam "Thessaloniki Interior"]
[BlackTeam "Peristeriou CP"]
[WhiteTeamCountry "GRE"]
[BlackTeamCountry "GRE"]

1. e4 c5 2. Nf3 d6 3. d4 cxd4 4. Nxd4 Nf6 5. Nc3 a6 6. Bg5 e6 7. f4 Qb6 8. Qd3 Qxb2 9. Rb1 Qa3 10. f5 Be7 11. fxe6 fxe6 12. Be2 Qc5 13. Be3 Qc7 14. g4 Nc6 15. Nxc6 Qxc6 16. Rb6 Qc7 17. e5 dxe5 18. g5 e4 19. Qd4 e5 20. Qa4+ Bd7 21. Qb3 Rc8 22. gxf6 Qxc3+ 23. Qxc3 Rxc3 24. fxg7 Rg8 25. Bh5+ Kd8 26. Bh6 Rxc2 27. Rf1 Kc7 28. Rbf6 Bb4+ 29. Kd1 Ba4 30. Rf8 Rxf8 31. Rxf8 Rxh2+ 32. Kc1 Ba3+ 0-1

[Event "Sykies-C 1st"]
[Site "Sykies"]
[Date "2014.03.01"]
[Round "3.3"]
[White "Kanelakis, Simeon"]
[Black "Ballas, Athanasios Panag"]
[Result "0-1"]
[WhiteElo "1789"]
[BlackElo "1856"]
[PlyCount "64"]
[EventDate "2014.02.21"]
[EventType "swiss"]
[EventRounds "9"]
[EventCountry "GRE"]
[SourceTitle "EXT 2024"]
[Source "ChessBase"]
[SourceDate "2023.10.10"]
[SourceVersion "1"]
[SourceVersionDate "2023.10.10"]
[SourceQuality "1"]

1. d4 Nf6 2. c4 g6 3. Nc3 d5 4. Nf3 Bg7 5. Bf4 dxc4 6. e3 Be6 7. Ne5 0-0 8. Bxc4 Bxc4 9. Nxc4 Nbd7 10. Qf3 Nh5 11. Bg5 c5 12. d5 Bxc3+ 13. bxc3 b5 14. Nd2 Qa5 15. e4 Ne5 16. Qe3 f6 17. Bh4 c4 18. 0-0 Nd3 19. g4 Nhf4 20. Bg3 g5 21. Bxf4 gxf4 22. Qd4 e5 23. dxe6 Rad8 24. Nxc4 Qc7 25. Nd2 Rxd4 26. cxd4 Qc3 27. Nf3 Nc5 28. e7 Re8 29. Nh4 Qh3 30. Nf5 f3 31. Ne3 Nxe4 32. Rad1 Rxe7 0-1

[Event "GRE-ch U18"]
[Site "Thessaloniki"]
[Date "2014.01.06"]
[Round "7"]
[White "Ballas, Athanasios Panag"]
[Black "Zisiadis, Dimitrios"]
[Result "1-0"]
[WhiteElo "1830"]
[BlackElo "1871"]
[PlyCount "105"]
[EventDate "2014.01.02"]
[EventType "swiss"]
[EventRounds "9"]
[EventCountry "GRE"]
[SourceTitle "EXT 2017"]
[Source "ChessBase"]
[SourceDate "2016.10.25"]
[SourceVersion "1"]
[SourceVersionDate "2016.10.25"]
[SourceQuality "1"]

1. e4 e5 2. Nf3 Nc6 3. Bb5 a6 4. Ba4 Nf6 5. 0-0 Be7 6. d3 b5 7. Bb3 d6 8. c3 0-0 9. Re1 Nb8 10. Nbd2 Nbd7 11. Nf1 h6 12. Ng3 Re8 13. h3 Bf8 14. Nf5 Nc5 15. Bc2 d5 16. Qe2 Bxf5 17. exf5 Bd6 18. b4 Ncd7 19. a4 c6 20. Bb2 Qc7 21. Nd2 Rad8 22. Ra2 c5 23. bxc5 Nxc5 24. axb5 axb5 25. Rea1 Qd7 26. Qd1 Qxf5 27. d4 Nd3 28. Nf3 e4 29. Bxd3 exd3 30. Ne1 Qf4 31. Nf3 Qe4 32. Ne1 Re6 33. Nxd3 Rde8 34. Ra8 Rxa8 35. Rxa8+ Kh7 36. Ra5 Nh5 37. Rxb5 Rg6 38. Qf1 f5 39. Bc1 f4 40. f3 Qf5 41. Nf2 Qc2 42. Qd1 Qxc3 43. Rxd5 Ng3 44. Rxd6 Rxd6 45. Bxf4 Rg6 46. Bxg3 Rxg3 47. Ng4 Qc7 48. Qe1 h5 49. Qe5 Qxe5 50. Nxe5 Rg5 51. g4 hxg4 52. hxg4 Kg8 53. f4 1-0